[Event "CHN Team Men 2016"]
[Site "Wuxi CHN"]
[Date "2016.08.04"]
[Round "9.6"]
[Board "3"]
[White "Xu, Zhihang"]
[Black "Liu, Chuming"]
[Result "1-0"]
[WhiteElo "2206"]
[BlackElo "1325"]
[WhiteTeam "Qingdao"]
[BlackTeam "Shaanxi"]
[WhiteFideId "8611572"]
[BlackFideId "8616477"]
[EventDate "2016.07.28"]

1. Nf3 Nf6 2. c4 c6 3. d4 d5 4. e3 e6 5. Nbd2 Nbd7 6. Bd3 Bd6 7. O-O O-O 8. e4
dxe4 9. Nxe4 Nxe4 10. Bxe4 e5 11. Bc2 exd4 12. Qd3 Nf6 13. Bg5 g6 14. Qxd4 Be7
15. Qh4 Re8 16. Rad1 Nd7 17. Bxe7 Qxe7 18. Rfe1 Qf8 19. Ng5 Rxe1+ 20. Rxe1 Nf6
21. Qd4 Nh5 22. c5 Ng7 23. Qh4 h5 24. Bb3 Be6 1-0

[Event "CHN Team Men 2016"]
[Site "Wuxi CHN"]
[Date "2016.08.04"]
[Round "9.7"]
[Board "2"]
[White "Zhao, Chenxi"]
[Black "Xu, Minghui"]
[Result "0-1"]
[WhiteElo "2052"]
[BlackElo "2305"]
[WhiteTeam "Shenzhen Qiyuan"]
[BlackTeam "Zhejiang Feiao"]
[WhiteFideId "8611513"]
[BlackFideId "8606790"]
[EventDate "2016.07.28"]

1. e4 c6 2. Nc3 d5 3. g3 e5 4. d3 d4 5. Nce2 c5 6. Bg2 Nc6 7. f4 Bd6 8. f5 f6 9.
Nf3 Nge7 10. g4 h6 11. Ng3 Kd7 12. h4 Kc7 13. Bd2 Bd7 14. Qe2 Qg8 15. Kf2 g6 16.
Bh3 h5 17. Rhg1 hxg4 18. Bxg4 Qc8 19. h5 gxh5 0-1

[Event "CHN Team Men 2016"]
[Site "Wuxi CHN"]
[Date "2016.08.04"]
[Round "9.7"]
[Board "3"]
[White "Lan, Zilun"]
[Black "Yang, Yuhang"]
[Result "1-0"]
[WhiteElo "2250"]
[BlackElo "1834"]
[WhiteTeam "Zhejiang Feiao"]
[BlackTeam "Shenzhen Qiyuan"]
[WhiteFideId "8604193"]
[BlackFideId "8611530"]
[EventDate "2016.07.28"]

1. d4 Nf6 2. c4 g6 3. Nc3 Bg7 4. e4 d6 5. f3 O-O 6. Be3 Nc6 7. Nge2 a6 8. Qd2
Rb8 9. Nc1 e5 10. d5 Nd4 11. Nb3 Nxb3 12. axb3 Nh5 13. b4 f5 14. O-O-O f4 15.
Bf2 g5 16. Be2 Nf6 17. Kb1 h5 18. Rc1 b6 19. Na2 Bd7 20. c5 b5 21. Rc3 Qe7 22.
Rhc1 Ne8 23. Ra3 Bc8 24. Rc2 Bb7 25. Nc1 Kh7 26. Nb3 g4 27. Na5 Bh6 28. Qe1 Rg8
29. Nxb7 Rxb7 30. Rxa6 Qg7 31. Bg1 Qe7 32. Ra8 Nf6 33. Rxg8 Kxg8 34. Rc3 Rb8 35.
Ra3 Qh7 36. Ka1 Bf8 37. Ra5 c6 38. dxc6 dxc5 39. Bxb5 Qc7 40. Bxc5 Bxc5 41. Bc4+
Kg7 42. Rxc5 Rd8 43. Bd5 Ra8+ 44. Kb1 Nxd5 45. exd5 Kf6 46. fxg4 Qh7+ 47. Rc2
hxg4 48. c7 Ra1+ 49. Kxa1 Qxc2 50. Qh4+ Kf7 51. Qh5+ Kf6 52. Qh6+ Kf7 53. Qe6+
Kg7 54. Qd7+ 1-0

[Event "CHN Team Men 2016"]
[Site "Wuxi CHN"]
[Date "2016.08.04"]
[Round "9.7"]
[Board "4"]
[White "Zuo, Yifan"]
[Black "Peng, Shunkai"]
[Result "1/2-1/2"]
[WhiteTitle "CM"]
[BlackTitle "CM"]
[WhiteElo "1823"]
[BlackElo "1944"]
[WhiteTeam "Shenzhen Qiyuan"]
[BlackTeam "Zhejiang Feiao"]
[WhiteFideId "8614610"]
[BlackFideId "8614601"]
[EventDate "2016.07.28"]

1. Nf3 Nf6 2. g3 g6 3. b3 Bg7 4. Bb2 O-O 5. Bg2 d6 6. d4 e5 7. dxe5 Ng4 8. c4
Nc6 9. O-O Rb8 10. Nc3 Ngxe5 11. Nxe5 Nxe5 12. Qd2 Bd7 13. Rad1 Bc6 14. e4 Nd7
15. Rfe1 a6 16. f4 b5 17. cxb5 axb5 18. e5 Bxg2 19. Kxg2 b4 20. Ne4 Nc5 21. exd6
Nxe4 22. Rxe4 Bxb2 23. Qxb2 cxd6 24. Red4 Qd7 25. Qf2 Rfc8 26. f5 Rc6 27. f6 Kf8
28. R1d2 Rbb6 29. Rd5 Rc5 30. Qf3 Rxd5 31. Qxd5 1/2-1/2